Odgadnij kraj po znanym budynku - Statystyki

Ogólne statystyki
  • Ten quiz został rozwiązany 98 razy
  • Średni wynik to 6 z 6
Statystyki odpowiedzi
Obrazkowy Odpowiedź % Poprawnych
Francja
100%
Włochy
98%
Polska
96%
Stany Zjednoczone
95%
Niemcy
91%
Wielka Bytania
88%
Nie znaleziono quizów pasujących do podanych kryteriów
Rozkład punktacji
Procent ludzi z każdym wynikiem
Percentyl według liczby udzielonych odpowiedzi
Twoja historia wyników
Nie rozwiązałeś tego quizu